الحياة النيابية والأحزاب في مصر من 1866 إلى 1952 / (Record no. 14507)
[ view plain ]
| 000 -الفاتح | |
|---|---|
| حقل البيانات ثابتة الطول | 01074nam a22002177a 4500 |
| 008 - عناصر البيانات ثابتة الطول - معلومات عامة | |
| حقل البيانات ثابتة الطول | 100719s xxu||||| |||| 00| 0 ara d |
| 082 ## - رقم تصنيف ديوى العشرى | |
| رقم الطبعة | 22 |
| رقم التصنيف | 328.0962 |
| رقم المادة | ل ا ن |
| 100 1# - المدخل الرئيسى - إسم شخصى | |
| 9 (RLIN) | 16429 |
| الإسم الشخصى | لاندو ، جاكوب |
| 245 ## - بيان العنوان | |
| العنوان | الحياة النيابية والأحزاب في مصر من 1866 إلى 1952 / |
| بيان المسئوليه,etc | جاكوب لاندو ؛ ترجمة وتعليق سامي الليثي |
| 260 ## - PUBLICATION, DISTRIBUTION, ETC. (IMPRINT) | |
| مكان الناشر او الموزع | القاهرة : |
| اسم الناشر او الموزع | مكتبة مدبولي ، |
| تاريخ النشر أو التوزيع | [د.ت] |
| 300 ## - الوصف المادى | |
| التعداد | 232 ص ؛ |
| أبعاد الوعاء | 24 سم. |
| 490 ## - بيان السلسلة | |
| -- | 16430 |
| عنوان السلسلة | من تاريخ مصر |
| 504 ## - تبصرة ببليوجرافية | |
| تبصرة ببليوجرافية,الخ | يشتمل على إرجاعات ببليوجرافية |
| 541 ## - تبصرة المصدر المباشر للتزويد | |
| مصدر التزويد | ألف باء ؛ |
| طريقة التزويد | شراء ؛ |
| 650 ## - المدخل الاضافى بالموضوع-مصطلح موضوعى | |
| 9 (RLIN) | 16431 |
| مصطلح موضوعي أو اسم جغرافي كعنصر مدخل | الدولة النيابية |
| 650 ## - المدخل الاضافى بالموضوع-مصطلح موضوعى | |
| 9 (RLIN) | 16433 |
| مصطلح موضوعي أو اسم جغرافي كعنصر مدخل | مصر |
| التقسيم الفرعي العام | الاحزاب السياسية |
| 650 ## - المدخل الاضافى بالموضوع-مصطلح موضوعى | |
| 9 (RLIN) | 16434 |
| مصطلح موضوعي أو اسم جغرافي كعنصر مدخل | مصر |
| التقسيم الفرعي العام | الدستور |
| 700 ## - المدخل الاضافى - اسم شخصى | |
| 9 (RLIN) | 16435 |
| الإسم الشخصى | الليثي ، سامي |
| الدور | ترجمة وتعليق |
| 942 ## - عناصر المدخل الإضافي( كوها) | |
| مصدر التصنيف او مخطط الترفيف | Dewey Decimal Classification |
| Koha [default] item type | Book - Borrowing |
| حالة التراجع | حالة الفقد | مصدر التصنيف او خطة الترفيف | حالة تلف | ليس للاعارة | مجموعات كوها | المكان الدائم | المكان الحالي | موقع الترفيف | تاريخ الاكتساب | Source of acquisition | رقم الاستدعاء | الباركود | Date last seen | نوع الوعاء |
|---|---|---|---|---|---|---|---|---|---|---|---|---|---|---|
| Dewey Decimal Classification | Alef-Baa | Central Library | Central Library | First floor | 19/07/2010 | 328.0962 ل ا ن | 000021557 | 15/07/2025 | Book - Borrowing |